000 00310nam a2200121 a 4500
005 20140414131849.0
008 100727s19uu xx 00 eng d
050 _aM 323.4
_bK58 1997
100 _aKing, Martin Luther
245 _aI have a dream.
260 _aNew York :
_bScholastic,
_c1997.
999 _c110084
_d110084